000 00761nam a2200289Ia 4500
005 20260324141301.0
008 008 260324s9999 xx 000 0 eng d
020 _a9780429024047
037 _aEBOOK
040 _aCRL
040 _beng
040 _cCRL
041 _2eng
041 _aeng
084 _qCRL
100 _aDerek Woodrow; Gajendra K. Verma; Maria Beatriz Rocha-Trindade; Giovanna Campani; Christopher Bagley
_91207616
245 0 _aIntercultural Education
245 0 _bTheories, Policies and Practices
260 _bTaylor and Francis
260 _c1997
365 _a
365 _b205
856 _uhttp://www.taylorfrancis.com/books/9780429024047
942 _cEBOOK
999 _c1810542
_d1810542